|
|
|
|
| LEADER |
00655nam a22001697a 4500 |
| 020 |
|
|
|a 8188554472
|
| 082 |
|
|
|a H891.433 09
|b RAM/S
|
| 100 |
|
|
|a रामदास नारायण तोंडे
|
| 245 |
|
|
|a शतरंज के खिलाडी : कृति और फिल्मांकन
|
| 250 |
|
|
|a 1
|
| 260 |
|
|
|a Kanpur:
|b Kanpur:
|c 2009
|
| 300 |
|
|
|a 151p.
|
| 650 |
|
|
|a Shatranj ke khiladi: kriti aur filmankan
|
| 700 |
|
|
|a Ramdas Narayan Thomde
|
| 942 |
|
|
|c BK
|
| 999 |
|
|
|c 42454
|d 42454
|
| 952 |
|
|
|0 0
|1 0
|4 0
|6 H_891_433000000000000_09_RAMS
|7 0
|8 Stack
|9 46213
|a KUCL
|b KUCL
|c H
|d 2016-11-03
|g 250.00
|l 0
|o H891.433 09 RAM/S
|p 33275
|r 2017-02-14
|w 2016-11-03
|y BK
|